Doing science : the reality club /
Guardat en:
| Altres autors: | |
|---|---|
| Format: | Llibre |
| Idioma: | English |
| Publicat: |
New York, E.U. :
PRENTICE HALL PRESS,
1991
|
| Matèries: | |
| Etiquetes: |
Afegir etiqueta
Sense etiquetes, Sigues el primer a etiquetar aquest registre!
|
MARC
| LEADER | 00000nam a2200000Ia 4500 | ||
|---|---|---|---|
| 008 | 150506b1991 u ||||| |||| 00| 0 eng d | ||
| 020 | |a 00137950977 | ||
| 090 | |a 18.01.01 |b 854 | ||
| 245 | 1 | 0 | |a Doing science : the reality club / |c John Brockman, editor |
| 260 | |a New York, E.U. : |b PRENTICE HALL PRESS, |c 1991 | ||
| 300 | |a 296 páginas | ||
| 650 | 1 | 4 | |a CIENCIA Y TECNOLOGÍA |9 37 |
| 650 | 1 | 4 | |a MEDICIÓN |9 38 |
| 650 | 1 | 4 | |a SEXO |9 39 |
| 650 | 1 | 4 | |a BIOLOGÍA |9 40 |
| 650 | 1 | 4 | |a COGNICIÓN |9 41 |
| 650 | 1 | 4 | |a CONOCIMIENTO |9 42 |
| 700 | |a Brockman, John |9 43 | ||
| 942 | |i 001434 |h 18.01.01 854 |2 z |c 01 | ||
| 999 | |c 13 |d 13 | ||
